| 000 | 00507nam a2200169Ia 4500 | ||
|---|---|---|---|
| 008 | 090201s9999 xx 000 0 und d | ||
| 010 | _aKPL-61069 | ||
| 040 | _bमराठी | ||
| 041 | _aमराठी | ||
| 082 |
_a936 _b61069 |
||
| 100 | _aदेवदत्त पाटील | ||
| 245 |
_aशर्थ _cदेवदत्त पाटील |
||
| 260 |
_c2004 _bशांती पब्लिकेशन्स |
||
| 300 |
_a189 _bमोठा |
||
| 600 | _aशर्थ | ||
| 942 | _cBOOK | ||
| 999 |
_c202046 _d202046 |
||